Statistics for Teen Mom 2 Cast

Click here to take the quiz!

General Stats

  • This quiz has been taken 75 times
  • The average score is 21 of 29

Answer Stats

DescriptionName% Correct
Mom A: Mother of twinsLeah
98%
Mom A's twin daughtersAliannah
96%
Mom B: Lives in South DakotaChelsea
96%
Mom A's first ex husband (AX1)Corey
96%
Mom A's twin daughtersAleeah
91%
Mom B's baby daddy (BBD)Adam
89%
Mom D: Mother raised first sonJenelle
89%
Mom B's daughterAubree
85%
Mom B's fianceCole
83%
Mom C: Lives in DelawareKailyn
83%
Mom C's first baby daddy (CBD)Jo
80%
Mom D's first sonJace
78%
Mom C's husbandJavi
76%
Mom D's second sonKaiser
76%
Mom D's motherBarbara
74%
Mom C's first sonIsaac
72%
Mom A's second ex husbandJeremy
70%
AX1's wifeMiranda
70%
BBD's second daughterPaislee
70%
Mom C's second sonLincoln
69%
Mom D's second baby daddy (DBD2)Nathan
69%
CBD's wifeVee
65%
Mom B's dadRandy
63%
Mom A's third daughterAdalynn
59%
Mom D's boyfriendDavid
52%
AX1's third daughterRemington
44%
CBD's daughterVivi
44%
DBD2's girlfriendJessica
22%
Mom B's momMary
20%

Score Distribution

Percentile by Number Answered

Percent of People with Each Score

Your Score History

You have not taken this quiz